000 00656nam a2200181 i 4500
001 182380
003 ES-MaACL
005 20251003063157.0
008 130807s1916 sp |||| | spa d
100 1 _aPaluzíe, Faustino,
_d1833-1901
_9153192
245 1 0 _aElementos de geometría puestos al alcance de los niños /
_cpor Faustino Paluzíe.
250 _aNueva edición aumentada.
260 _aBarcelona :
_bHijos de Paluzíe,
_c1916.
300 _a74 p. :
_bil. ;
_c16 cm.
650 0 7 _aGeometría
_2embne
_913096
852 _aES-MaACL
_j2321-F-5
_z.- Donat. herederos de la bibl. de Mª del Pilar Costa Palacín
999 _c182380
_d182380